Etats non reconnus - Statistiques

Statistiques générales
  • Ce quiz a été pris 272 fois
    164 depuis la dernière actualisation
  • Le résultat moyen est 7 sur 18
Statistiques - réponses
Pays
Etat(s) ne reconnaissant pas ce pays
% Correct
Non membres de l'ONU mais reconnus par au moins 1 état membre P Palestine Reconnu par 137 membres de l'ONU
83%
Non membres de l'ONU mais reconnus par au moins 1 état membre A Abkhazie Reconnu par 4 Etats membres de l'ONU
57%
Non membres de l'ONU mais reconnus par au moins 1 état membre K Kosovo Reconnu par 97 Etats membres de l'ONU
57%
Non membres de l'ONU mais reconnus par au moins 1 état membre T Taïwan Reconnu par 14 Etats membres de l'ONU
54%
Membres de l'ONU mais non reconnus par au moins 1 état I Israël Non reconnu par 19 Etats
44%
Non membres de l'ONU mais reconnus par au moins 1 état membre O Ossétie-du-Sud-Alanie | Ossétie-du-Sud Reconnu par 4 Etats membres de l'ONU
44%
Non membres de l'ONU mais reconnus par au moins 1 état membre C Chypre-du-Nord Reconnu par 1 Etat membre de l'ONU
38%
Non membres de l'ONU et reconnus par au moins 1 état non-membre T Transnistrie Reconnu par 3 Etats non membres de l'ONU
37%
Membres de l'ONU mais non reconnus par au moins 1 état C Chine Non reconnu par 14 Etats
35%
Membres de l'ONU mais non reconnus par au moins 1 état C Corée-du-Nord Non reconnu par 5 Etats
34%
Non membres de l'ONU mais reconnus par au moins 1 état membre S Sahara occidental Reconnu par 24 Etats membres de l'ONU
34%
Membres de l'ONU mais non reconnus par au moins 1 état C Corée-du-Sud Non reconnu par 1 Etat
33%
Membres de l'ONU mais non reconnus par au moins 1 état A Arménie Non reconnu par 1 Etat
31%
Membres de l'ONU mais non reconnus par au moins 1 état C Chypre Non reconnu par 1 Etat
25%
Non membres de l'ONU et reconnus par au moins 1 état non-membre H Haut-Karabagh Reconnu par 3 Etats non membres de l'ONU
20%
Non membre de l'ONU et reconnu par aucun état A Afghanistan Aucune reconnaissance depuis le 15 août 2021
15%
Non membres de l'ONU mais reconnus par au moins 1 état membre D Donetsk Reconnu par 2 Etats membres de l'ONU
9%
Non membres de l'ONU mais reconnus par au moins 1 état membre L Lougansk Reconnu par 2 Etats membres de l'ONU
9%
Aucun quiz correspondant
Distribution des résultats
% des personnes avec chaque résultat
Percentile par nombre de réponses
Votre historique - résultats
Vous n’avez pas pris ce quiz depuis la dernière actualisation